Представление документа в формате MARC21

Поле Инд. ПП Название Значение
Тип записи a
Библиографический уровень b
001 Контрольный номер UNIDUBNA77301c3333c94e4b9cd01fcc797cacd3
005 Дата корректировки 20230202162301.9
008 Кодируемые данные 20170331
040 b Код языка каталог. rus
e Правила каталог. PSBO
041 0_ a Код языка текста rus
084 a Индекс другой классификации/Индекс ББК 67.410.204
100 1_ a Автор Пяшин С. А.
q Полное имя Пяшин Сергей Александрович
245 10 a Заглавие Разрешение судом вопросов об исключении доказательств в уголовном судопроизводстве
520 0_ a Аннотация В статье анализируется порядок разрешения судом вопросов об исключении доказательств по уголовным делам. Обосновано, что суду необходимо разрешать данные вопросы на этапе предварительного слушания при заявлении сторонами ходатайств об этом, но в случае необходимости можно вернуться к их решению и в ходе дальнейшего судебного разбирательства. Дано авторское определение юридической силы доказательств, под которой понимается совокупность правовых признаков конкретного доказательства, связанных с его правовой состоятельностью и правовой возможностью обосновывать им принятие процессуальных решений судом при рассмотрении уголовных дел. Рассмотрено действие института формального признания, сущность которого состоит в том, что сторона, заявившая ходатайство, освобождается от необходимости его обоснования в случае, когда другая сторона не имеет против этого возражений. Предложены изменения в уголовно-процессуальное законодательство о дополнении перечня объектов, подлежащих проверке и оценке судом
650 14 a Основная рубрика право
a Основная рубрика процессуальное право
a Основная рубрика судопроизводство
a Основная рубрика уголовное процессуальное право
653 0_ a Ключевые слова доказательства
a Ключевые слова допустимость доказательств
a Ключевые слова оценка доказательств
a Ключевые слова предварительное слушание
a Ключевые слова Уголовно-процессуальный кодекс РФ
a Ключевые слова уголовный процесс
773 08 t Заглавие источника Российская юстиция
d Дата издания источника 2021
g Прочая информация № 5. - С. 2 - 6
w Контрольный № источника 7fe8f1301f51420c9d79fa9c7e9a2e7e
901 t Тип документа b